Cincuenta años de jurisprudencia del Tribunal Constitucional Federal Alemán /

Guardat en:
Dades bibliogràfiques
Autor principal: Schwabe, Jürgen (comp.)
Altres autors: Woischnik, Jan (prólogo) (prólogo)
Format: Llibre
Idioma:espanyol
Publicat: Bogotá, Colombia : Montevideo, Uruguay : Ediciones Jurídicas Gustavo Ibáñez ; Fundación Konrad Adenauer, 2003, c2003
Matèries:
Etiquetes: Afegir etiqueta
Sense etiquetes, Sigues el primer a etiquetar aquest registre!

MARC

LEADER 00000nam^a2200000^a^4500
001 000172221
005 20250521000000.0
009 20260310101412.097
020 |a 958-8182-26-9 
037 |a Acervo ITESO - Biblioteca 
041 |a ESP 
082 |a 342. 430264  |b SCH 
100 |a Schwabe, Jürgen  |e (comp.) 
245 1 0 |a Cincuenta años de jurisprudencia del Tribunal Constitucional Federal Alemán /  |c Comp. de J. Schwabe ; pról. de J. Woischnik ; introd. de Marcela Anzola. 
264 4 |a Bogotá, Colombia :  |b Ediciones Jurídicas Gustavo Ibáñez ;  |a Montevideo, Uruguay :  |b Fundación Konrad Adenauer,  |c 2003, c2003 
300 |a XXIII, 501 p. 
336 |a texto  |b txt  |2 rdacontenido 
337 |a sin mediación  |b n  |2 rdamedio 
338 |a volumen  |b nc  |2 rdasoporte 
649 |a XX 
650 |a Tribunales Constitucionales -  |z Alemania 
650 |a Derecho Procesal Administrativo 
650 |a Derecho Procesal -  |z Alemania 
650 |a Jurisprudencia -  |z Alemania 
650 |a Derecho Constitucional -  |z Alemania 
650 |a Derecho Federal -  |z Alemania 
650 |a Derecho Público -  |z Alemania 
700 |a Woischnik, Jan  |e (prólogo) 
910 |a Fondo General 
920 |a Impresos - Libros 
930 |a Colección General 
905 |a 101 
901 |a 0500109773  |b IT1  |c ACC  |u 20250521 
902 |a https://opac.biblio.iteso.mx/vufind/Record/000172221